Ve jīte kaise haiṃ? (Record no. 72919)

MARC details
000 -LEADER
fixed length control field 00495cam a22002051 4500
001 - CONTROL NUMBER
control field sa 67001900
003 - CONTROL NUMBER IDENTIFIER
control field DLC
005 - DATE AND TIME OF LATEST TRANSACTION
control field 20260227112326.0
008 - FIXED-LENGTH DATA ELEMENTS--GENERAL INFORMATION
fixed length control field 890621s1965 ii 000 0 hino
010 ## - LIBRARY OF CONGRESS CONTROL NUMBER
LC control number sa 67001900
035 ## - SYSTEM CONTROL NUMBER
System control number (OCoLC)19906052
040 ## - CATALOGING SOURCE
Original cataloging agency DLC
Transcribing agency WaU
Modifying agency DLC
042 ## - AUTHENTICATION CODE
Authentication code premarc
050 00 - LIBRARY OF CONGRESS CALL NUMBER
Classification number PK2098.S489
Item number V4 1965
100 1# - MAIN ENTRY--PERSONAL NAME
Personal name Sharma, Shri Ram,
Dates associated with a name 1892-1967.
245 10 - TITLE STATEMENT
Title Ve jīte kaise haiṃ?
260 ## - PUBLICATION, DISTRIBUTION, ETC.
Date of publication, distribution, etc. [1965]
300 ## - PHYSICAL DESCRIPTION
Extent 198 p.
Dimensions 19 cm.
500 ## - GENERAL NOTE
General note In Hindi.

No items available.

Powered by Koha